00577nam a2200193 4500008004100000082001500041110004800056245004700104260007800151300001000229650002000239700001800259700001400277700001800291700002000309700002100329700001400350700001900364240122b |||||||| |||| 00| 0 eng d a363.8bINT aInternational forum on food and agriculture aWTO and the globalization of food security aNew Delhi:bResearch foundation for science, Technology and Ecologyc1999 a29 p. aFOOD INSECURITY aRitchie, Mark aLang, Tim aRosset, Peter aAltieri, Miguel aShrybman, Steven aKrebs, Al aShiva, Vandana